01785cam a22004094i 4500003000900000005001700009008004100026035002000067040003300087100003900120245020300159264001000362300002200372336002100394337002500415338002300440502005900463504002400522520058300546526001001129526001001139526000901149526000901158526000901167526000901176526000901185526000901194526000901203526000801212526000801220526000801228526000801236526000801244650004501252650003301297700004501330PE-LiUPU20250731165411.0151022s1996 pe grm 000 0 spa d a(Sirsi) a155044 aPE-LiUPUbspacPE-LiUPUerda1 aRíos Díaz, Vivian Yselaeautor1 aRelaciones de poder entre enfermeras de los hospitales y los estudiantes de enfermería de la Universidad Peruana Unión, durante los años 1994-1995 en Lima-Perú /cVivian Ysela Ríos Díaz. 0c1996. a119 hojas c30 cm atext2rdacontent aunmediated2rdamedia avolume2rdacarrier aTesisb(Lic.) -- cUniversidad Peruana Unión,d1996. aIncluye referencias3 aCuando Florencia Nigthingale fundo la primera Escuela de Enfermería de Inglaterra en 1860 en el Hospital de Santo Tomas, existían criterios que condujeron la escuela, uno de ellos era: "Las enfermeras debían constituir una profesión digna, independiente y autónoma que colabora con los médicos en vez de ser subordinadas". Luego en 1967 se escribía: "la reforma de la Enfermería en el país y en el extranjero había constituido, esencialmente, en quitar la dirección de mano de los hombres para confiar a una mujer capacitada (.), jefa responsable de todo". aSEG44 aSEG26 aP151 aP150 aP149 aP146 aP145 aP126 aP125 aP92 aP75 aP74 aP27 aP1504aEstudiantes de enfermeríaxEnferneras.04aEnfermerasxSocialización.1 aSalazar Sánchez, Eddy Margaritaeautor